Food (La Comida)- Spanish 1 - Statistics

General Stats
  • This quiz has been taken 1,707 times
  • The average score is 36 of 56
Answer Stats
Hint Answer % Correct
el pan bread
96%
el sándwich de jamón y queso ham and cheese sandwich
95%
el jamón Ham
94%
la ensalada salad
93%
el cereal cereal
92%
los huevos eggs
92%
las frutas fruits
91%
la hamburguesa hamburger
89%
la pizza pizza
89%
la manzana apple
86%
la naranja orange
86%
el pan tostado toast
85%
la ensalada de frutas fruit salad
84%
el café coffee
82%
el pollo chicken
81%
el/la agua water
81%
el jugo juice
79%
la leche milk
79%
la carne meat
78%
el pescado fish
76%
los tomates tomatoes
76%
el jugo de naranja orange juice
74%
el jugo de manzana apple juice
73%
la limonada lemonade
73%
el té tea
73%
el plátano banana
69%
el queso cheese
68%
las papas fritas French fries
66%
el almuerzo lunch
65%
las papas potatoes
65%
las uvas grapes
64%
las verduras vegetables
62%
el helado ice cream
61%
el perrito caliente (el perro caliente) hot dog
59%
la cebolla onion
58%
la sal salt
58%
las fresas strawberries
58%
la galleta cookie
56%
las bebidas drinks
56%
el azúcar sugar
56%
el pastel cake/pastry
55%
la lechuga lettuce
54%
las zanahorias carrots
52%
la sopa de verduras vegetable soup
52%
los dulces candy/sweets
48%
la pimienta pepper
45%
el refresco soda/soft drink
41%
el té helado iced tea
39%
los pasteles pastries
37%
la salchicha sausage
35%
el tocino bacon
26%
los postres desserts
25%
breakfast el desayuno
25%
las judías verdes green beans
24%
los guisantes peas
23%
el bistec beefsteak
16%
No matching quizzes found
Score Distribution
Percent of People with Each Score
Percentile by Number Answered
Your Score History
You have not taken this quiz